Le cause di canonizzazione dei Santi: commento alla legislazione e guida practica
Guardat en:
| Autor principal: | |
|---|---|
| Format: | Llibre |
| Idioma: | italià |
| Publicat: |
Ciudad del Vaticano
Librería Editica Vaticana
1992
|
| Matèries: | |
| Etiquetes: |
Afegir etiqueta
Sense etiquetes, Sigues el primer a etiquetar aquest registre!
|
MARC
| LEADER | 00000nam a2200000 a 4500 | ||
|---|---|---|---|
| 001 | UCV3127 | ||
| 003 | CL-VaPUC | ||
| 008 | 930414e19920000VC |||||||||||||||||ita|d | ||
| 082 | 0 | 4 | |a 235.24 |b VER |2 21 |
| 100 | 0 | |a Veraja, Fabijan |e author |9 297378 | |
| 245 | 1 | 3 | |a Le cause di canonizzazione dei Santi: commento alla legislazione e guida practica |
| 300 | |a 190 p | ||
| 942 | |c BK | ||
| 945 | |d 19930414 00:00:00 | ||
| 260 | |a Ciudad del Vaticano |b Librería Editica Vaticana |c 1992 | ||
| 650 | 7 | |a CANONIZACION |2 CL-VaPUC |9 258734 | |
| 583 | |a last modification |c 19930414 00:00:00 |k Rodrigo Vera | ||
| 999 | |c 210458 |d 210456 | ||
| 952 | |0 0 |1 0 |4 0 |6 235_240000000000000_VER_1992 |7 0 |8 A |9 186739 |a BIBDER |b BIBDER |d 2019-11-14 |i 2543338 |o 235.24 VER 1992 |p 2543338 |r 2023-01-25 |w 2019-11-14 |y BK |k DER | ||